I'm your huckleberry / Val Kilmer.
Available copies
- 1 of 1 copy available at LARL/NWRL Consortium.
- 1 of 1 copy available at Lake Agassiz Regional Library. (Show preferred library)
Current holds
0 current holds with 1 total copy.
Show Only Available Copies
| Location | Call Number / Copy Notes | Barcode | Shelving Location | Status | Due Date |
|---|---|---|---|---|---|
| Moorhead Public Library | 921 KIL (Text) | 33500013237508 | Main | Available | - |
Record details
- ISBN: 9781982144890
- ISBN: 1982144890
- Physical Description: pages cm
- Publisher: New York : Simon and Schuster, [2020]
Content descriptions
| Summary, etc.: | "Legendary actor Val Kilmer shares the stories ... Read More |
Search for related items by subject
| Subject: | Kilmer, Val, 1959- Actors > United States > Biography. Kilmer, Val, 1959- Actors. United States. |
| Genre: | Biographies. |
| LDR | 02795cam a22004218i 4500 | ||
|---|---|---|---|
| 001 | 341851 | ||
| 003 | LARL_NWRL_CONSORTIUM | ||
| 005 | 20200219133224.0 | ||
| 008 | 191218s2020 nyu 000 0beng | ||
| 010 | . | ‡a 2019058577 | |
| 040 | . | ‡aDLC ‡beng ‡erda ‡cDLC ‡dOCLCO ‡dOCLCF | |
| 020 | . | ‡a9781982144890 ‡q(hardcover) | |
| 020 | . | ‡a1982144890 | |
| 020 | . | ‡z9781982144913 ‡q(ebook) | |
| 035 | . | ‡a(OCoLC)1133662474 | |
| 042 | . | ‡apcc | |
| 043 | . | ‡an-us--- | |
| 082 | 0 | 0. | ‡a791.4302/8092 ‡aB ‡223 |
| 100 | 1 | . | ‡aKilmer, Val, ‡d1959- ‡eauthor. ‡0(LARL_NWRL_CONSORTIUM)109199 |
| 245 | 1 | 0. | ‡aI'm your huckleberry / ‡cVal Kilmer. |
| 246 | 3 | 0. | ‡aI am your huckleberry |
| 264 | 1. | ‡aNew York : ‡bSimon and Schuster, ‡c[2020] | |
| 300 | . | ‡apages cm | |
| 336 | . | ‡atext ‡btxt ‡2rdacontent | |
| 337 | . | ‡aunmediated ‡bn ‡2rdamedia | |
| 338 | . | ‡avolume ‡bnc ‡2rdacarrier | |
| 520 | . | ‡a"Legendary actor Val Kilmer shares the stories behind his most beloved roles, reminisces about his star-studded career and love life, and reveals the truth behind his recent health struggles in a remarkably candid autobiography. Val Kilmer has played so many iconic roles over his nearly four-decade film career. A table-dancing Cold War agent in Top Secret! A troublemaking science prodigy in Real Genius. A brash fighter pilot in Top Gun. A swashbuckling knight in Willow. A lovelorn bank robber in Heat. A charming master of disguise in The Saint. A wise-cracking gumshoe in Kiss Kiss Bang Bang. Of course, Batman, Jim Morrison, and the sharp-shooting Doc Holliday. But who is the real Val Kilmer? In this memoir-published ahead of next summer's highly anticipated sequel Top Gun: Maverick, in which Kilmer returns to the big screen as Tom "Iceman" Kazansky-the actor steps out of character and reveals his true self. Kilmer reflects on his acclaimed career, recounts his high-profile romances, chronicles his spiritual journey and reveals details of his recent throat cancer diagnosis and recovery-about which he has disclosed little until now. While containing plenty of tantalizing celebrity anecdotes, I'm Your Huckleberry-taken from the famous line Kilmer delivers as Holliday in Tombstone-is ultimately a deeply moving reflection on mortality and the mysteries of life"-- ‡cProvided by publisher. | |
| 600 | 1 | 0. | ‡aKilmer, Val, ‡d1959- ‡0(LARL_NWRL_CONSORTIUM)109199 |
| 650 | 0. | ‡aActors ‡zUnited States ‡vBiography. ‡0(LARL_NWRL_CONSORTIUM)163254 | |
| 600 | 1 | 7. | ‡aKilmer, Val, ‡d1959- ‡2fast ‡0(LARL_NWRL_CONSORTIUM)109199 |
| 650 | 7. | ‡aActors. ‡2fast ‡0(LARL_NWRL_CONSORTIUM)12766 | |
| 651 | 7. | ‡aUnited States. ‡2fast ‡0(LARL_NWRL_CONSORTIUM)54625 | |
| 655 | 7. | ‡aBiographies. ‡2fast | |
| 776 | 0 | 8. | ‡iOnline version: ‡aKilmer, Val, ‡tI'm your huckleberry ‡dNew York : Simon and Schuster, 2020. ‡z9781982144913 ‡w(DLC) 2019058578 |
| 905 | . | ‡uvanderl | |
| 901 | . | ‡a341851 ‡b ‡c341851 ‡tbiblio ‡soclc | |

Add to basket
Permalink
Disable Highlighting